[Event "Guatemala City zt 2.32"]
[Site "Guatemala City"]
[Date "2000.07.17"]
[Round "4"]
[White "Bermudez Vives, Sergio"]
[Black "Reyes Najera, Carlos Antonio"]
[Result "1/2-1/2"]
[WhiteElo "2185"]
[BlackElo "2257"]
[EventDate "2000.07.14"]
[PlyCount "79"]

1.d4 g6 2.c4 Bg7 3.Nc3 d6 4.e4 Nc6 5.Be3 e5 6.d5 Nce7 7.Qd2 f5 8.f3 Nf6 9.
O-O-O O-O 10.Kb1 a6 11.h4 fxe4 12.Nxe4 Nf5 13.Bg5 Qe8 14.Bxf6 Bxf6 15.Ne2 
Bg7 16.g4 Nd4 17.Nxd4 exd4 18.Bg2 b5 19.c5 Qe7 20.cxd6 cxd6 21.h5 Bd7 22.
hxg6 hxg6 23.Rh3 Rae8 24.Rdh1 Qe5 25.Qd3 Rf4 26.Rh4 b4 27.Nd2 Kf7 28.Nc4 
Qxd5 29.Nb6 Qb5 30.Qd2 Re3 31.Nxd7 Qxd7 32.Qxb4 Qb5 33.Qxd6 Rf6 34.Qc7+ 
Re7 35.Qc1 Rc6 36.Qf4+ Kg8 37.Rh8+ Bxh8 38.Rxh8+ Kxh8 39.Qf8+ Kh7 40.Qxe7+
1/2-1/2

[Event "Guatemala City zt 2.32"]
[Site "Guatemala City"]
[Date "2000.07.17"]
[Round "4"]
[White "Izaba, Rodolfo"]
[Black "Chavez, Ricardo Ernesto"]
[Result "1/2-1/2"]
[WhiteElo "2229"]
[BlackElo "2112"]
[EventDate "2000.07.14"]
[PlyCount "106"]

1.e4 d6 2.d4 g6 3.Nf3 Bg7 4.Nc3 Nf6 5.Be2 O-O 6.O-O Nc6 7.Be3 e5 8.d5 Ne7 
9.Ne1 Nd7 10.f4 exf4 11.Bxf4 h6 12.Qd2 Kh7 13.Nf3 Ne5 14.Rad1 Nxf3+ 15.
Bxf3 g5 16.Bg3 Ng6 17.Qe2 Ne5 18.Bxe5 Bxe5 19.Bg4 Bxg4 20.Qxg4 Qe7 21.Rd3 
Rae8 22.Nd1 Bg7 23.Qf5+ Kg8 24.Re1 Qe5 25.Qxe5 Rxe5 26.g4 f5 27.gxf5 Rfxf5
28.Rde3 Rf4 29.Nf2 Re7 30.c3 Be5 31.h3 Rf8 32.Nd3 Bf4 33.Rf3 Bh2+ 34.Kg2 
Rxf3 35.Kxf3 Kg7 36.Re2 Be5 37.Ke3 Kg6 38.Rf2 h5 39.Rf5 Bg7 40.a4 Bh6 41.
Kf3 g4+ 42.hxg4 hxg4+ 43.Kxg4 Rxe4+ 44.Nf4+ Kg7 45.a5 Rc4 46.Kg3 Bxf4+ 47.
Rxf4 Rc5 48.Rb4 b5 49.axb6 cxb6 50.Rd4 Kf6 51.Kf4 b5 52.Ke4 a5 53.Kf4 a4 
1/2-1/2

[Event "Guatemala City zt 2.32"]
[Site "Guatemala City"]
[Date "2000.07.17"]
[Round "4"]
[White "Lacayo, Rene"]
[Black "Juarez Flores, Carlos Armando"]
[Result "0-1"]
[WhiteElo "2245"]
[BlackElo "2392"]
[EventDate "2000.07.14"]
[PlyCount "98"]

1.d4 e6 2.c4 d5 3.Nc3 c5 4.e3 Nf6 5.Nf3 Nc6 6.Bd3 a6 7.O-O dxc4 8.Bxc4 b5 
9.Bd3 Bb7 10.a4 b4 11.Ne4 cxd4 12.exd4 Qd5 13.Re1 Be7 14.Nxf6+ Bxf6 15.Be4
Qd7 16.Bg5 Bxg5 17.Nxg5 h6 18.Qh5 O-O 19.Nh7 Rfd8 20.Nf6+ gxf6 21.Qxh6 f5 
22.Re3 Ne7 23.Rg3+ Ng6 24.Bxb7 Qxb7 25.h4 Qe4 26.h5 Qh4 27.Rc1 Rac8 28.
Rxg6+ fxg6 29.Qxg6+ Kf8 30.Qh6+ Ke7 31.Qg7+ Kd6 32.Qe5+ Kd7 33.Re1 Rc6 34.
d5 exd5 35.Qxd5+ Kc7 36.Qa5+ Kb8 37.Qxf5 Qd4 38.Re4 Rc1+ 39.Kh2 Qd6+ 40.f4
Rg8 41.Qh7 Qd5 42.Re2 Rcc8 43.Qh6 Qd3 44.Qb6+ Ka8 45.Qf2 Rc7 46.Re3 Qd1 
47.Re2 Rc1 48.Qf3+ Kb8 49.g3 Rc2 0-1

[Event "Guatemala City zt 2.32"]
[Site "Guatemala City"]
[Date "2000.07.17"]
[Round "4"]
[White "Lorenzana, Wilson Estuardo"]
[Black "Guillen Ramirez, Jose Antonio"]
[Result "1-0"]
[WhiteElo "2138"]
[BlackElo "2281"]
[EventDate "2000.07.14"]
[PlyCount "57"]

1.e4 c5 2.Nf3 Nc6 3.d4 cxd4 4.Nxd4 Nf6 5.Nc3 e6 6.Ndb5 Bb4 7.a3 Bxc3+ 8.
Nxc3 d5 9.exd5 exd5 10.Bd3 O-O 11.O-O h6 12.Bf4 d4 13.Nb5 Nd5 14.Bd6 Re8 
15.Qf3 Be6 16.Bg3 Qd7 17.Nd6 Rf8 18.Rfe1 Kh8 19.Qe4 Nf6 20.Qh4 Ne8 21.Ne4 
b6 22.Bf4 Bf5 23.Bxh6 gxh6 24.Nf6 Nxf6 25.Qxf6+ Kg8 26.Bxf5 Qc7 27.Re4 
Rfe8 28.Rg4+ Kf8 29.Bh7 1-0

[Event "Guatemala City zt 2.32"]
[Site "Guatemala City"]
[Date "2000.07.17"]
[Round "4"]
[White "Murillo Tsijli, Alexis"]
[Black "Gonzalez Acosta, Bernal Manuel"]
[Result "1/2-1/2"]
[WhiteElo "2393"]
[BlackElo "2428"]
[EventDate "2000.07.14"]
[PlyCount "89"]

1.e4 c5 2.Nf3 Nc6 3.d4 cxd4 4.Nxd4 g6 5.c4 Bg7 6.Be3 Nf6 7.Nc3 O-O 8.Be2 
d6 9.O-O Bd7 10.Qd2 Nxd4 11.Bxd4 Bc6 12.f3 a5 13.b3 Nd7 14.Be3 Nc5 15.Rab1
Qb6 16.Rfc1 Qb4 17.Bf1 Rfc8 18.Kh1 a4 19.bxa4 Bxc3 20.Rxb4 Bxd2 21.Bxd2 
Bxa4 22.Kg1 Bc6 23.Ra1 f5 24.exf5 gxf5 25.Rb2 Kf7 26.Bb4 Na4 27.Rc2 Bd7 
28.Rb1 Ra7 29.Rcc1 Be6 30.a3 Nc5 31.Kf2 b6 32.Bxc5 Rxc5 33.Rc3 Ra6 34.Rbb3
Ke8 35.Kg3 Kd7 36.Kf4 h6 37.Bd3 Kc7 38.Rb5 Ra4 39.Rxc5+ bxc5 40.Kg3 Bf7 
41.Bxf5 Rxc4 42.Rxc4 Bxc4 43.f4 d5 44.Kf2 Kd6 45.a4 1/2-1/2

[Event "Guatemala City zt 2.32"]
[Site "Guatemala City"]
[Date "2000.07.19"]
[Round "5"]
[White "Batres, Francisco"]
[Black "Infante Meyer, Salvador"]
[Result "1-0"]
[WhiteElo "2140"]
[BlackElo "2225"]
[EventDate "2000.07.14"]
[PlyCount "83"]

1.e4 c5 2.Nf3 d6 3.d4 cxd4 4.Nxd4 Nf6 5.Nc3 a6 6.Be2 e6 7.O-O Nbd7 8.f4 b5
9.Bf3 Bb7 10.Re1 Nb6 11.a3 Be7 12.f5 e5 13.Nde2 O-O 14.Ng3 Rc8 15.Nf1 h6 
16.Kh1 Qc7 17.Ne3 Qb8 18.Qd3 Qa8 19.Ng4 Rfd8 20.Be3 Nc4 21.b3 Nxe3 22.Nxe3
Rxc3 23.Qxc3 Nxe4 24.Bxe4 Bxe4 25.Re2 d5 26.Ng4 f6 27.Qg3 Kf8 28.Rf1 Rc8 
29.Qh4 d4 30.Nxe5 fxe5 31.f6 Bxg2+ 32.Rxg2 Bxf6 33.Rxf6+ gxf6 34.Qxf6+ Ke8
35.Qe6+ Kd8 36.Qd6+ Ke8 37.Qe6+ Kd8 38.Kg1 Qxg2+ 39.Kxg2 Rxc2+ 40.Kg3 Rc3+
41.Kg4 Re3 42.Qxh6 1-0

[Event "Guatemala City zt 2.32"]
[Site "Guatemala City"]
[Date "2000.07.19"]
[Round "5"]
[White "Bermudez Vives, Sergio"]
[Black "Juarez Flores, Gustavo Enrique"]
[Result "1-0"]
[WhiteElo "2185"]
[BlackElo "2261"]
[EventDate "2000.07.14"]
[PlyCount "93"]

1.d4 d6 2.c4 g6 3.Nc3 Bg7 4.e4 Nc6 5.Be3 e5 6.d5 Nce7 7.Qd2 f5 8.f3 Nf6 9.
Bd3 O-O 10.O-O-O c6 11.Bg5 cxd5 12.cxd5 a6 13.Nh3 b5 14.Nf2 b4 15.Ne2 Qb6 
16.Rhf1 Bd7 17.Kb1 Rfc8 18.Bh6 Bxh6 19.Qxh6 f4 20.g3 Bb5 21.gxf4 Qe3 22.
Nc1 Rxc1+ 23.Rxc1 Bxd3+ 24.Nxd3 Qxd3+ 25.Ka1 Qd2 26.Qh3 Qxf4 27.Qe6+ Kf8 
28.Qxd6 b3 29.Qe6 Neg8 30.d6 Rd8 31.Rc8 Rxc8 32.Qxc8+ Kf7 33.d7 Nxd7 34.
Qxd7+ Ne7 35.axb3 Qxh2 36.Qg4 Qf4 37.Qh3 h5 38.Rd1 Qf6 39.Ka2 Qb6 40.Qd7 
Qe6 41.Qc7 Qf6 42.Rd6 Qg5 43.Qc4+ Kg7 44.Qe6 a5 45.Rd7 Kf8 46.Rd8+ Kg7 47.
Re8 1-0

[Event "Guatemala City zt 2.32"]
[Site "Guatemala City"]
[Date "2000.07.19"]
[Round "5"]
[White "Chavez, Ricardo Ernesto"]
[Black "Juarez Flores, Jorge Guillermo"]
[Result "0-1"]
[WhiteElo "2112"]
[BlackElo "2251"]
[EventDate "2000.07.14"]
[PlyCount "96"]

1.e4 c5 2.g3 d5 3.exd5 Qxd5 4.Nf3 Bg4 5.Bg2 Qe6+ 6.Kf1 Nc6 7.h3 Bh5 8.d3 
Qd7 9.Nc3 Nf6 10.g4 Bg6 11.Bf4 e6 12.Ne5 Nxe5 13.Bxe5 Bd6 14.Bxf6 gxf6 15.
Qf3 Be5 16.Re1 Ke7 17.Qe3 Qd4 18.Qh6 Kd7 19.Qd2 Bf4 20.Qd1 Rab8 21.Qf3 Be5
22.Rd1 Qf4 23.Qe2 a6 24.Ne4 Bxe4 25.Bxe4 Bxb2 26.Rb1 Bd4 27.Kg2 b5 28.Rb3 
b4 29.a3 h5 30.Qf3 Qxf3+ 31.Bxf3 hxg4 32.hxg4 Rxh1 33.Kxh1 Bc3 34.Kg2 Rb5 
35.Be2 Ra5 36.axb4 cxb4 37.Rb1 Ra2 38.d4 a5 39.Bd3 Bxd4 40.Kf3 Kc6 41.Ke2 
Kc5 42.f3 a4 43.Kd1 a3 44.Kc1 Bc3 45.Bh7 Kd4 46.Bg8 Ke3 47.Bxf7 Bd2+ 48.
Kd1 Rb2 0-1

[Event "Guatemala City zt 2.32"]
[Site "Guatemala City"]
[Date "2000.07.19"]
[Round "5"]
[White "Gonzalez Acosta, Bernal Manuel"]
[Black "Valdes, Leonardo"]
[Result "0-1"]
[WhiteElo "2428"]
[BlackElo "2308"]
[EventDate "2000.07.14"]
[PlyCount "184"]

1.f4 g6 2.Nf3 Bg7 3.g3 c5 4.Bg2 Nc6 5.d3 e6 6.e4 d6 7.Nc3 Nge7 8.O-O O-O 
9.Be3 Nd4 10.Bf2 Nxf3+ 11.Bxf3 Nc6 12.e5 Nd4 13.Bg2 dxe5 14.fxe5 Bxe5 15.
Na4 Nf5 16.c3 Rb8 17.Qe2 Bc7 18.Nxc5 b6 19.Ne4 Nd6 20.a4 Nxe4 21.dxe4 e5 
22.Be3 Be6 23.Qa6 Qc8 24.Qe2 Bd6 25.Bh6 Re8 26.Qf3 Bf8 27.Bxf8 Rxf8 28.Rf2
Qc7 29.Qf6 Rbd8 30.Bf1 Qc5 31.Kg2 Rd6 32.Qf3 Rfd8 33.b4 Qc7 34.a5 Rc6 35.
axb6 axb6 36.Ra3 Bc4 37.Bxc4 Rxc4 38.Qf6 Rf8 39.Ra6 Rb8 40.h4 h5 41.Rfa2 
Rc6 42.Qf2 Rxc3 43.Ra7 Qc4 44.Kh2 Rc8 45.Re7 Qb3 46.Rd2 Rc2 47.Re8+ Rxe8 
48.Rxc2 Qxb4 49.Rc7 Qb3 50.Rb7 Qc4 51.Rxb6 Qxe4 52.Rb2 Rc8 53.Re2 Qd5 54.
Rd2 Qe6 55.Qe3 Ra8 56.Re2 Ra2 57.Rxa2 Qxa2+ 58.Kh3 Qd5 59.Kh2 Kg7 60.Qc3 
Qd4 61.Qe1 e4 62.Kg2 Kf6 63.Qf1+ Ke6 64.Qa6+ Qd6 65.Qc4+ Qd5 66.Qc8+ Ke5 
67.Qc7+ Kf6 68.Qc3+ Qe5 69.Qe3 Kg7 70.Qe1 Qd4 71.Qe2 Qd3 72.Qb2+ Kh7 73.
Qf6 Qe2+ 74.Kg1 Qf3 75.Qxf3 exf3 76.Kf2 Kg7 77.Kxf3 Kf6 78.Kf4 Ke6 79.Ke4 
f6 80.Kf4 Kd5 81.Kf3 Ke5 82.Ke3 Kd5 83.Kd3 g5 84.Ke3 gxh4 85.gxh4 Ke5 86.
Kf3 f5 87.Ke3 f4+ 88.Kf2 Ke4 89.Ke2 f3+ 90.Kf1 Kf4 91.Kf2 Kg4 92.Kf1 Kxh4 
0-1

[Event "Guatemala City zt 2.32"]
[Site "Guatemala City"]
[Date "2000.07.19"]
[Round "5"]
[White "Juarez Flores, Carlos Armando"]
[Black "Lorenzana, Wilson Estuardo"]
[Result "1/2-1/2"]
[WhiteElo "2392"]
[BlackElo "2138"]
[EventDate "2000.07.14"]
[PlyCount "72"]

1.e4 c5 2.Nf3 d6 3.d4 cxd4 4.Nxd4 Nf6 5.Nc3 a6 6.f4 e5 7.Nb3 exf4 8.Bxf4 
Be7 9.Be2 Nc6 10.Qd2 Ne5 11.O-O Be6 12.Nd4 Rc8 13.Kh1 O-O 14.Rad1 Qc7 15.
Bg5 b5 16.a3 Qc5 17.Nf5 Bxf5 18.Rxf5 b4 19.axb4 Qxb4 20.Bxf6 Bxf6 21.Nd5 
Qxd2 22.Nxf6+ gxf6 23.Rxd2 Kg7 24.Bxa6 Rc6 25.Bb5 Rb6 26.c4 Rc8 27.h3 Nxc4
28.Rc2 Ne3 29.Rxc8 Nxf5 30.exf5 Rxb5 31.Rd8 Rxb2 32.Rxd6 Rf2 33.Rd5 h5 34.
Kh2 Re2 35.Rd3 Rf2 36.Rd5 Re2 1/2-1/2

[Event "Guatemala City zt 2.32"]
[Site "Guatemala City"]
[Date "2000.07.19"]
[Round "5"]
[White "Lacayo, Rene"]
[Black "Guillen Ramirez, Jose Antonio"]
[Result "1/2-1/2"]
[WhiteElo "2245"]
[BlackElo "2281"]
[EventDate "2000.07.14"]
[PlyCount "75"]

1.e4 e5 2.Nf3 Nc6 3.Bb5 a6 4.Bxc6 dxc6 5.O-O f6 6.d4 exd4 7.Nxd4 c5 8.Nb3 
Qxd1 9.Rxd1 Bd6 10.Na5 b5 11.c4 Ne7 12.Be3 f5 13.Nc3 b4 14.Na4 fxe4 15.
Nxc5 Bf5 16.Nab7 Be5 17.Bd4 Bxd4 18.Rxd4 Nc6 19.Rd5 O-O 20.Nd7 Bxd7 21.
Rxd7 Ne5 22.Rxc7 Nd3 23.Nc5 Nxb2 24.Nxe4 Rac8 25.Rxc8 Rxc8 26.c5 Rc7 27.
Rc1 Kf7 28.Kf1 Ke6 29.Ke2 Kd5 30.f3 a5 31.Rb1 Na4 32.Rd1+ Kc4 33.Ke3 Kb5 
34.Rd5 Kc4 35.Rd4+ Kb5 36.Rd5 Kc4 37.Rd4+ Kb5 38.Rd5 1/2-1/2

[Event "Guatemala City zt 2.32"]
[Site "Guatemala City"]
[Date "2000.07.19"]
[Round "5"]
[White "Leyva, Hector"]
[Black "Murillo Tsijli, Alexis"]
[Result "1/2-1/2"]
[WhiteElo "2409"]
[BlackElo "2393"]
[EventDate "2000.07.14"]
[PlyCount "34"]

1.d4 d5 2.c4 e6 3.Nc3 Nf6 4.Bg5 Be7 5.cxd5 exd5 6.e3 h6 7.Bh4 O-O 8.Qc2 a5
9.Bd3 Na6 10.a3 c5 11.Nge2 c4 12.Bf5 Nc7 13.O-O b5 14.Bxc8 Rxc8 15.Bxf6 
Bxf6 16.Qf5 g6 17.Qh3 Bg7 1/2-1/2

[Event "Guatemala City zt 2.32"]
[Site "Guatemala City"]
[Date "2000.08.20"]
[Round "6"]
[White "Batres, Francisco"]
[Black "Gonzalez Acosta, Bernal Manuel"]
[Result "0-1"]
[WhiteElo "2140"]
[BlackElo "2428"]
[EventDate "2000.07.14"]
[PlyCount "58"]

1.Nf3 g6 2.g3 Bg7 3.Bg2 e5 4.d3 Nc6 5.c4 d6 6.Nc3 h6 7.Rb1 a5 8.b3 f5 9.
Bb2 Nf6 10.e4 O-O 11.h3 Be6 12.exf5 Bxf5 13.Nh4 Nd7 14.O-O Nc5 15.Ne4 Bxe4
16.Bxe4 Nxe4 17.dxe4 Kh7 18.Qg4 Qe8 19.Rbd1 a4 20.Rd2 h5 21.Qe2 Bh6 22.Bc1
axb3 23.axb3 Nd4 24.Rxd4 exd4 25.f4 Qe6 26.f5 gxf5 27.Qxh5 fxe4 28.Nf5 e3 
29.g4 Rxf5 0-1

[Event "Guatemala City zt 2.32"]
[Site "Guatemala City"]
[Date "2000.08.20"]
[Round "6"]
[White "Izaba, Rodolfo"]
[Black "Guillen Ramirez, Jose Antonio"]
[Result "1/2-1/2"]
[WhiteElo "2229"]
[BlackElo "2281"]
[EventDate "2000.07.14"]
[PlyCount "101"]

1.e4 c5 2.Nf3 Nc6 3.d4 cxd4 4.Nxd4 Nf6 5.Nc3 d6 6.Bg5 e6 7.Qd2 a6 8.O-O-O 
Bd7 9.Be2 b5 10.Nxc6 Bxc6 11.Qe3 Be7 12.e5 Nd5 13.Nxd5 Bxd5 14.Bxe7 Qxe7 
15.Bf3 dxe5 16.Bxd5 exd5 17.Rxd5 f6 18.Rhd1 O-O 19.Rd7 Qe6 20.Kb1 Rf7 21.
R7d5 Rc8 22.Qb3 Re7 23.h3 h6 24.Rd6 Qxb3 25.axb3 Ra8 26.Rb6 Kf7 27.Rdd6 
Rea7 28.Kc1 h5 29.Kd2 Kg6 30.Kd3 Kf5 31.Ke3 Rc7 32.c3 Rca7 33.g3 h4 34.g4+
Kg5 35.Ke4 Kg6 36.Kd5 Kg5 37.Ke4 Kg6 38.f4 exf4 39.Kxf4 Re8 40.Re6 Rxe6 
41.Rxe6 Rd7 42.c4 Rd2 43.Rxa6 Rxb2 44.g5 Rxb3 45.gxf6 gxf6 46.cxb5 Rxb5 
47.Ra4 Rg5 48.Ra8 Kg7 49.Ra7+ Kg6 50.Ra8 Rb5 51.Ra4 1/2-1/2

[Event "Guatemala City zt 2.32"]
[Site "Guatemala City"]
[Date "2000.08.20"]
[Round "6"]
[White "Juarez Flores, Jorge Guillermo"]
[Black "Bermudez Vives, Sergio"]
[Result "1/2-1/2"]
[WhiteElo "2251"]
[BlackElo "2185"]
[EventDate "2000.07.14"]
[PlyCount "21"]

1.e4 c5 2.Nf3 d6 3.d4 cxd4 4.Nxd4 Nf6 5.Nc3 a6 6.Bg5 e6 7.f4 Qb6 8.Nb3 
Qe3+ 9.Qe2 Qxe2+ 10.Bxe2 Nc6 11.O-O-O 1/2-1/2

[Event "Guatemala City zt 2.32"]
[Site "Guatemala City"]
[Date "2000.08.20"]
[Round "6"]
[White "Lacayo, Rene"]
[Black "Romero, Ariel"]
[Result "1/2-1/2"]
[WhiteElo "2245"]
[BlackElo "2150"]
[EventDate "2000.07.14"]
[PlyCount "90"]

1.d4 d5 2.c4 c6 3.Nf3 Nf6 4.e3 Bg4 5.Qb3 Qb6 6.Nc3 e6 7.c5 Qc7 8.Ne5 Nbd7 
9.Nxg4 Nxg4 10.Be2 Ngf6 11.Bd2 Be7 12.O-O O-O 13.Qc2 e5 14.b4 Rfe8 15.Bd3 
Nf8 16.dxe5 Qxe5 17.f4 Qc7 18.e4 dxe4 19.Nxe4 Nxe4 20.Bxe4 Bf6 21.Rae1 
Rad8 22.Bf5 Ng6 23.g3 Nf8 24.Kg2 g6 25.Bg4 Ne6 26.Be3 Nd4 27.Qc4 Re4 28.
Bf2 Rxe1 29.Rxe1 Nf5 30.Qe4 Qd7 31.Rd1 Qe6 32.Qxe6 fxe6 33.Rxd8+ Bxd8 34.
Kf3 Kf7 35.Ke4 Bf6 36.a4 a6 37.Be2 Ne7 38.b5 axb5 39.axb5 Nd5 40.Bd4 Nc3+ 
41.Bxc3 Bxc3 42.b6 Ba5 43.Kd4 Ke7 44.Bd3 Kd7 45.g4 Be1 1/2-1/2

[Event "Guatemala City zt 2.32"]
[Site "Guatemala City"]
[Date "2000.08.21"]
[Round "7"]
[White "Leyva, Hector"]
[Black "Juarez Flores, Carlos Armando"]
[Result "0-1"]
[WhiteElo "2409"]
[BlackElo "2392"]
[EventDate "2000.07.14"]
[PlyCount "84"]

1.e4 e6 2.d4 d5 3.Nc3 Be7 4.Nf3 Nf6 5.Bd3 b6 6.Qe2 O-O 7.e5 Ne8 8.h4 h6 9.
Ng5 Nc6 10.Nh7 Nxd4 11.Qg4 Nf5 12.Nxf8 Kxf8 13.h5 c5 14.O-O Nc7 15.b3 Ba6 
16.Ne2 Bxd3 17.cxd3 Qd7 18.Ng3 d4 19.Bd2 Nd5 20.Qe4 Kg8 21.Ne2 Bg5 22.f4 
Be7 23.g4 Nfe3 24.Bxe3 dxe3 25.Rad1 Rd8 26.Kg2 Bh4 27.d4 Qb5 28.Qd3 Qc6 
29.Kh2 Bf2 30.dxc5 Qxc5 31.Qe4 Qa3 32.Nc3 Qe7 33.Rxf2 Qh4+ 34.Kg2 Qxf2+ 
35.Kh1 Qh4+ 36.Kg2 Nxc3 37.Rxd8+ Qxd8 38.Qxe3 Qd5+ 39.Kh2 Nxa2 40.Qe2 Qxb3
41.Qa6 Qc2+ 42.Kg3 Nc3 0-1

[Event "Guatemala City zt 2.32"]
[Site "Guatemala City"]
[Date "2000.08.21"]
[Round "7"]
[White "Lorenzana, Wilson Estuardo"]
[Black "Gonzalez Acosta, Bernal Manuel"]
[Result "0-1"]
[WhiteElo "2138"]
[BlackElo "2428"]
[EventDate "2000.07.14"]
[PlyCount "94"]

1.e4 c5 2.Nf3 Nc6 3.d4 cxd4 4.Nxd4 g6 5.Nc3 Bg7 6.Be3 Nf6 7.Bc4 O-O 8.Bb3 
d6 9.f3 Bd7 10.Qd2 Nxd4 11.Bxd4 b5 12.O-O a5 13.a4 b4 14.Nb5 Rb8 15.Bc4 
Ne8 16.c3 bxc3 17.Bxc3 Qb6+ 18.Kh1 Bxc3 19.Qxc3 Rc8 20.Qd3 Nc7 21.Qd4 Qxd4
22.Nxd4 Ne6 23.Bxe6 fxe6 24.Nb3 Rc7 25.Rfc1 Rxc1+ 26.Rxc1 Rb8 27.Nxa5 Rxb2
28.Nc4 Ra2 29.Nb6 Bxa4 30.h3 Rc2 31.Ra1 Bb5 32.Kg1 Kf7 33.Ra8 Rb2 34.Rh8 
Kg7 35.Rd8 Ba6 36.Nd7 Rb7 37.Nf8 Bc4 38.Rc8 Ba2 39.Rd8 Bb3 40.e5 Bd5 41.
Nd7 h6 42.Kf2 Bc4 43.h4 Bb5 44.Nf8 Kf7 45.exd6 exd6 46.f4 Re7 47.g4 Re8 
0-1

[Event "Guatemala City zt 2.32"]
[Site "Guatemala City"]
[Date "2000.08.21"]
[Round "7"]
[White "Murillo Tsijli, Alexis"]
[Black "Valdes, Leonardo"]
[Result "1-0"]
[WhiteElo "2393"]
[BlackElo "2308"]
[EventDate "2000.07.14"]
[PlyCount "117"]

1.e4 d6 2.d4 Nf6 3.Nc3 g6 4.Be3 c6 5.a4 Qa5 6.Qd2 Bg7 7.h3 O-O 8.g3 e5 9.
Bg2 exd4 10.Bxd4 b5 11.Nxb5 Qxd2+ 12.Kxd2 cxb5 13.Bxf6 Bxf6 14.e5 d5 15.
exf6 bxa4 16.Ne2 Nd7 17.Rxa4 Nxf6 18.Nc3 Rd8 19.Rd4 Be6 20.Kc1 Rac8 21.
Rhd1 Rc5 22.g4 h6 23.R1d2 g5 24.f4 gxf4 25.Rxf4 Ne8 26.Rfd4 Nc7 27.Ne2 Nb5
28.Ra4 Rc7 29.Ra5 Rb7 30.Nf4 Nc7 31.Kb1 Rdb8 32.c3 Rb3 33.Kc1 R3b5 34.Rxa7
Rc5 35.Rxc7 Rxc7 36.Bxd5 Bxd5 37.Nxd5 Ra7 38.b4 Ra1+ 39.Kc2 Rba8 40.Kb3 
R1a3+ 41.Kc4 Kf8 42.Kd4 Rb3 43.Rd3 Raa3 44.Re3 Rb1 45.Kc5 Rab3 46.Nc7 Rg1 
47.Kc4 Ra3 48.b5 h5 49.gxh5 Ra4+ 50.Kc5 Rh4 51.b6 Rxh5+ 52.Nd5 Rb1 53.c4 
Rh6 54.Ra3 f5 55.Ra7 Rxh3 56.Nb4 f4 57.b7 Rh5+ 58.Nd5 Rhh1 59.Nxf4 1-0

[Event "Guatemala City zt 2.32"]
[Site "Guatemala City"]
[Date "2000.08.21"]
[Round "7"]
[White "Reyes Najera, Carlos Antonio"]
[Black "Infante Meyer, Salvador"]
[Result "1-0"]
[WhiteElo "2257"]
[BlackElo "2225"]
[EventDate "2000.07.14"]
[PlyCount "104"]

1.d4 Nf6 2.c4 g6 3.Nc3 Bg7 4.Nf3 O-O 5.g3 d6 6.Bg2 Nc6 7.O-O Bg4 8.h3 Bxf3
9.Bxf3 Nd7 10.e3 e5 11.dxe5 Ndxe5 12.Be2 Re8 13.b3 Nxc4 14.bxc4 Bxc3 15.
Rb1 Rb8 16.Bf3 Bg7 17.Qa4 Re7 18.Rd1 Ne5 19.Bg2 Nd7 20.Rxb7 Rxb7 21.Bxb7 
Qb8 22.Bg2 Nc5 23.Qc2 Qe8 24.Bd2 Qa4 25.Qxa4 Nxa4 26.Rb1 Bc3 27.Rb8+ Kg7 
28.Bc1 Nb6 29.Rb7 a5 30.Bf1 Kf6 31.Ba3 Na4 32.Rb3 Ke6 33.c5 Bb4 34.Bxb4 
axb4 35.cxd6 Kxd6 36.Rxb4 Nb6 37.Rd4+ Kc5 38.a4 c6 39.a5 Nc8 40.Rc4+ Kd6 
41.Rd4+ Kc7 42.Kg2 c5 43.Ra4 Kc6 44.Kf3 Nd6 45.h4 h6 46.a6 Kb6 47.Rf4 f5 
48.Ra4 Ra7 49.Kf4 Nb5 50.h5 gxh5 51.Kxf5 Rxa6 52.Rxa6+ Kxa6 1-0

[Event "Guatemala City zt 2.32"]
[Site "Guatemala City"]
[Date "2000.08.22"]
[Round "8"]
[White "Batres, Francisco"]
[Black "Romero, Ariel"]
[Result "1/2-1/2"]
[WhiteElo "2140"]
[BlackElo "2150"]
[EventDate "2000.07.14"]
[PlyCount "27"]

1.e4 d5 2.Nc3 d4 3.Nce2 e5 4.d3 c5 5.g3 Nc6 6.Bg2 h5 7.Nf3 Be7 8.h4 Nh6 9.
Bg5 f6 10.Bxh6 Rxh6 11.Qd2 Be6 12.a3 Qd7 13.Nfg1 O-O-O 14.f4 1/2-1/2

[Event "Guatemala City zt 2.32"]
[Site "Guatemala City"]
[Date "2000.08.22"]
[Round "8"]
[White "Gonzalez Acosta, Bernal Manuel"]
[Black "Leyva, Hector"]
[Result "0-1"]
[WhiteElo "2428"]
[BlackElo "2409"]
[EventDate "2000.07.14"]
[PlyCount "50"]

1.f4 d5 2.Nf3 g6 3.g3 Bg7 4.Bg2 Nh6 5.d3 b6 6.O-O Bb7 7.c3 O-O 8.e4 dxe4 
9.Ng5 Nd7 10.Nxe4 Rb8 11.d4 Nf5 12.Qe2 c5 13.dxc5 Nxc5 14.Nxc5 bxc5 15.
Bxb7 Rxb7 16.Na3 Qb6 17.Rb1 Rd8 18.Be3 Qe6 19.Rfe1 Nxe3 20.Qxe3 Qxa2 21.
Re2 Qd5 22.Ra1 e6 23.Kf2 Rdb8 24.Rb1 Rb3 25.Rd2 Qh5 0-1

[Event "Guatemala City zt 2.32"]
[Site "Guatemala City"]
[Date "2000.08.22"]
[Round "8"]
[White "Izaba, Rodolfo"]
[Black "Lorenzana, Wilson Estuardo"]
[Result "1/2-1/2"]
[WhiteElo "2229"]
[BlackElo "2138"]
[EventDate "2000.07.14"]
[PlyCount "174"]

1.e4 c5 2.Nf3 d6 3.d4 cxd4 4.Nxd4 Nf6 5.Nc3 a6 6.Be2 e5 7.Nb3 Be7 8.O-O 
Be6 9.f4 Qc7 10.a4 Nbd7 11.Be3 Rc8 12.Rc1 Bc4 13.Nd2 Bxe2 14.Qxe2 exf4 15.
Rxf4 Ne5 16.Rcf1 O-O 17.Bd4 b5 18.axb5 axb5 19.Nxb5 Qxc2 20.Bc3 Qd3 21.
Qxd3 Nxd3 22.Rf5 Rc5 23.Nd4 Rb8 24.R5f3 Ne5 25.Rg3 Nh5 26.Rh3 g6 27.Nf5 
Bf8 28.Ng3 Nxg3 29.Rxg3 Bh6 30.Nf3 Be3+ 31.Kh1 Nd3 32.Ne1 Nf2+ 33.Kg1 Nd1+
34.Kh1 Nf2+ 35.Kg1 Nd1+ 36.Kh1 Rh5 37.Nd3 Nxc3 38.Rxe3 Na4 39.b4 Nb6 40.
Ref3 Rb7 41.Rc1 Nd7 42.Rff1 Rhb5 43.Rc6 Ne5 44.Rxd6 Nxd3 45.Rxd3 Rxb4 46.
Re3 Re7 47.Rfe1 f5 48.e5 Rd4 49.Kg1 Kf7 50.Kf2 g5 51.h3 Kg6 52.R3e2 h5 53.
Rc1 Re6 54.Rce1 f4 55.Rc1 Rd5 56.Rc8 Rdxe5 57.Rxe5 Rxe5 58.Rc6+ Kf5 59.Rh6
h4 60.Ra6 Re7 61.Ra5+ Kg6 62.Ra6+ Kh5 63.Ra5 Re3 64.Ra6 Re7 65.Rf6 Rg7 66.
Rf8 Kg6 67.Ra8 Re7 68.Ra6+ Kh5 69.Rf6 Rg7 70.Rf5 Kg6 71.Ra5 Re7 72.Ra3 Kf5
73.Kf3 Re1 74.Kf2 Rc1 75.Kf3 Rc2 76.Rb3 Rd2 77.Ra3 Rc2 78.Ra5+ Kg6 79.Ra3 
Kh5 80.Rb3 Rc6 81.Ra3 Re6 82.Rc3 Re3+ 83.Rxe3 fxe3 84.Kxe3 g4 85.hxg4+ 
Kxg4 86.Kf2 h3 87.gxh3+ Kxh3 1/2-1/2

[Event "Guatemala City zt 2.32"]
[Site "Guatemala City"]
[Date "2000.08.22"]
[Round "8"]
[White "Juarez Flores, Carlos Armando"]
[Black "Valdes, Leonardo"]
[Result "1-0"]
[WhiteElo "2392"]
[BlackElo "2308"]
[EventDate "2000.07.14"]
[PlyCount "101"]

1.e4 d6 2.d4 Nf6 3.Nc3 g6 4.Nf3 Bg7 5.Be2 O-O 6.O-O c6 7.a4 Qc7 8.h3 Nbd7 
9.Bg5 b6 10.Qd2 Bb7 11.Rfe1 Rad8 12.Rad1 a6 13.Qe3 e5 14.dxe5 dxe5 15.Bc4 
b5 16.Bb3 Rde8 17.axb5 axb5 18.Bh6 Re7 19.Nh4 Ree8 20.Nf5 Bxh6 21.Nxh6+ 
Kg7 22.Qg5 Ng8 23.Nf5+ Kh8 24.Nd6 Re7 25.Qe3 Qb6 26.Qxb6 Nxb6 27.Na2 Nc8 
28.Nxb7 Rxb7 29.Nb4 Nce7 30.Nd3 f6 31.Nc5 Ra7 32.Rd6 Rc8 33.Red1 h5 34.Rd7
Rca8 35.Kh2 Kh7 36.R1d6 Rxd7 37.Rxd7 Kh6 38.Kg3 Rc8 39.Be6 Ra8 40.b4 Ra3+ 
41.f3 Rc3 42.Bb3 f5 43.Kf2 fxe4 44.Nxe4 Rxb3 45.cxb3 h4 46.Rd6 Kg7 47.Re6 
Nd5 48.Rxc6 Nxb4 49.Rb6 Nd3+ 50.Kf1 b4 51.Nf2 1-0

[Event "Guatemala City zt 2.32"]
[Site "Guatemala City"]
[Date "2000.08.22"]
[Round "8"]
[White "Juarez Flores, Jorge Guillermo"]
[Black "Reyes Najera, Carlos Antonio"]
[Result "1-0"]
[WhiteElo "2251"]
[BlackElo "2257"]
[EventDate "2000.07.14"]
[PlyCount "79"]

1.e4 c5 2.Nf3 d6 3.d4 cxd4 4.Nxd4 Nf6 5.Nc3 g6 6.Be2 Bg7 7.O-O O-O 8.Nb3 
Nc6 9.Bg5 Be6 10.Kh1 a6 11.f4 b5 12.Bf3 Rc8 13.Nd5 Bxd5 14.exd5 Na5 15.c3 
Nc4 16.Qe2 Re8 17.Rae1 Qb6 18.Bh4 b4 19.Bf2 Qb7 20.cxb4 Qxb4 21.Bd4 a5 22.
Bc3 Qb6 23.Bd4 Qb4 24.Bc3 Qa4 25.Ra1 Nb6 26.Rfd1 Qxf4 27.Nxa5 Qf5 28.Qd3 
Qxd3 29.Rxd3 Na4 30.Bd4 Nd7 31.Bxg7 Kxg7 32.Rd2 Ne5 33.Be2 Rb8 34.b3 Nc3 
35.Nc6 Rb6 36.Nxe5 dxe5 37.Rc1 Ne4 38.Rdc2 Rd8 39.Rc6 Rdb8 40.Bc4 1-0

[Event "Guatemala City zt 2.32"]
[Site "Guatemala City"]
[Date "2000.08.22"]
[Round "8"]
[White "Minero Pineda, Sergio"]
[Black "Murillo Tsijli, Alexis"]
[Result "1/2-1/2"]
[WhiteElo "2405"]
[BlackElo "2393"]
[EventDate "2000.07.14"]
[PlyCount "87"]

1.Nf3 Nf6 2.c4 e6 3.g3 b6 4.Bg2 Bb7 5.d4 Bb4+ 6.Bd2 Be7 7.O-O O-O 8.Nc3 
Ne4 9.Nxe4 Bxe4 10.Rc1 d6 11.Bc3 Nd7 12.e3 c5 13.Qe2 Qc7 14.Rfd1 Qb7 15.
Ne1 Bxg2 16.Nxg2 cxd4 17.exd4 Rac8 18.Re1 Rfe8 19.Ne3 Bf8 20.d5 e5 21.Nc2 
b5 22.cxb5 Qxd5 23.Nb4 Qe6 24.Rcd1 Nb6 25.Qd3 Na4 26.Nd5 Rc5 27.Re2 Rec8 
28.Red2 Qe8 29.Bb4 Rxb5 30.Qa3 Nb6 31.Nxb6 Rxb6 32.Bxd6 Bxd6 33.Rxd6 Rxd6 
34.Qxd6 g6 35.Re1 Rc2 36.Qb4 Rc7 37.Qa5 Re7 38.Rd1 Kg7 39.Qc5 h5 40.h4 a6 
41.Rd5 Re6 42.Qa5 Qe7 43.Qd2 Qf6 44.Rd3 1/2-1/2